| Поле | Название | Значение |
| |
Тип записи |
a |
| |
Библиографический уровень |
m |
| 001 |
Контрольный номер |
RU/CBS_UL/BASE/2eed89d90b544f19afeb91830079c961 |
| 005 |
Дата корректировки |
20260211104739.1 |
| 010 |
Индекс ISBN |
__ |
| a |
ISBN |
5-244-00167-1 |
| d |
Цена |
1 р. 00 к. |
| 9 |
Тираж |
10 000 экз. |
| 100 |
Данные общей обработки |
__ |
| a |
Данные общей обработки |
20150710d2015 ||| 0rusy0189 ca |
| 101 |
Язык документа |
0_ |
| a |
Язык текста |
rus |
| 102 |
Страна публикации |
__ |
| a |
Страна публикации |
RU |
| 105 |
Кодированные данные (монография) |
__ |
| a |
Кодированные данные (монография) |
y###||||000|y |
| 200 |
Заглавие и сведения об ответственности |
1_ |
| a |
Заглавие |
У потомков Гомера |
| e |
Сведения, относящиеся к заглавию |
очерки о Греции |
| f |
Первые сведения об ответственности |
В. М. Меньшиков |
| 210 |
Выходные данные |
1_ |
| a |
Место издания |
Москва |
| c |
Издательство |
Мысль |
| d |
Дата издания |
1988 |
| 215 |
Физическое описание |
__ |
| a |
Объем |
266, [2] с. |
| c |
Иллюстрации/тип воспроизводства |
[16] л. ил. |
| d |
Формат |
20 см. |
| 300 |
Общие примечания |
__ |
| a |
Общие примечания |
16+ |
| 300 |
Общие примечания |
__ |
| a |
Общие примечания |
Под инв. номером 27579: Цс-2, 3-1, 15-1, 18-2, 28-1 |
| 606 |
Тематические рубрики |
0_ |
| a |
Основная рубрика |
Экономика Греции - История |
| y |
Географическая подрубрика |
Греция |
| 610 |
Ключевые слова |
0_ |
| a |
Ключевые слова |
экономика зарубежная; экономика зарубежных стран; Экономика Греции; история экономики; очерки о странах |
| 686 |
Индексы других классификаций |
__ |
| a |
Классификационный индекс |
65.9(4Гре) |
| 2 |
Код системы |
ББК |
| 700 |
Автор |
_1 |
| a |
Фамилия |
Меньшиков |
| b |
Имя (инициалы) |
В. М. |
| g |
Полное личное имя |
Виталий Михайлович |
| 801 |
Источник записи |
_0 |
| a |
Страна |
RU |
| b |
Организация |
МБУК ЦБС |
| c |
Дата составления |
20150710 |
| g |
Правила каталогизации |
RCR |
| 801 |
Источник записи |
_1 |
| a |
Страна |
RU |
| b |
Организация |
МБУК ЦБС г. Ульяновска |
| c |
Дата составления |
20150710 |
| g |
Правила каталогизации |
RCR |
| 852 |
Данные о местонахождении |
__ |
| i |
Авторский знак |
М 51 |
| j |
Шифр хранения |
65.9(4) |
| 901 |
Тип документа |
__ |
| t |
Тип документа |
m |
| 910 |
Корректоры записи |
__ |
| a |
Корректор записи |
Тихонова |